A sampler on sampling

Na minha lista:
Detalhes bibliográficos
Autor principal: Williams, Bill (Autor)
Formato: Livro
Idioma:inglês
Publicado em: Nueva York John Wiley and Sons 1978
coleção:Wiley Series in Probability and Mathematical Statistics
Assuntos:
Tags: Adicionar Tag
Sem tags, seja o primeiro a adicionar uma tag!

MARC

LEADER 00000nam a2200000 a 4500
001 UCP2671
003 CL-VaPUC
008 990520e19780000US |||||||||||||||||eng|d
082 0 4 |a 519.52  |b WIL  |2 21 
100 0 |a Williams, Bill  |e author  |9 429595 
245 1 2 |a A sampler on sampling 
300 |a 254 p 
942 |c BK 
945 |d 19990520 00:00:00  |a crobeson 
260 |a Nueva York  |b John Wiley and Sons  |c 1978 
650 0 |a Muestreo (Estadística)  |9 270232 
650 0 |a Estadística aplicada  |9 270522 
650 0 |a Estimación de parámetros  |9 344394 
650 0 |a Distribución normal   |9 424914 
650 0 |a Análisis de varianza   |9 336938 
583 |a last modification  |c 19990520 00:00:00  |k Rodrigo Vera 
490 0 |a Wiley Series in Probability and Mathematical Statistics 
999 |c 281176  |d 281174 
952 |0 0  |1 0  |4 0  |6 519_520000000000000_WIL_1978  |7 0  |8 A  |9 321851  |a BIBGIM  |b BIBGIM  |d 2019-11-20  |i 134580K  |o 519.52 WIL 1978  |p 134580K  |r 2025-01-15  |w 2019-11-20  |y BK  |k EST 
952 |0 0  |1 0  |4 0  |6 519_520000000000000_WIL_1978  |7 0  |8 A  |9 321852  |a BIBGIM  |b BIBGIM  |d 2019-11-20  |i 1345818  |o 519.52 WIL 1978  |p 1345818  |r 2025-01-15  |w 2019-11-20  |y BK  |k EST